000 00419nam a2200181Ia 4500
100 _aStallings/William
650 _aOperating systems
250 _a7
942 _cBK
366 _f25
654 _aoperating systems
245 _aOperating systems:Internals and design principles
260 _bPearson Education
_c2014
082 _a5.43
_bSTA
300 _a708
546 _aENGLISH
_cComputers
999 _c30657
_d30657